000 00908nam a22002417a 4500
999 _c5623
_d5623
003 OSt
005 20251010105627.0
008 251010b ||||| |||| 00| 0 eng d
020 _a9781409591528
_qbook set
040 _cKH8
082 _aFIC PUN
100 _aPunter, Russell,
_eauthor.
245 _aThe Dinosaur Who Lost His Roar /
_cRussell Punter ; illustrated by Andy Elkerton.
260 _aEngland ;
_bUsborne Publishing Ltd ,
_c2007.
300 _a48 pages :
_bcolor illustrations ;
_c20 cm.
490 _aUsborne First Reading
_vlevel three
520 _aSid enjoys scaring the other dinosaurs with his mighty roar. They don't find it so funny. But what would happen if Sid ever lost his voice? He's about to find it out.
650 _aEasy reading
_vfiction
650 _aStory book
_vfiction
700 _aElkerton, Andy,
_eillustrator.
830 _aUsborne First Reading
942 _2ddc
_cFIC